000
00341cam a2200157ua 4500
041
_a
eng
_h
082
_a
519.2
_b
LDE/PR
100
_a
Loeve, Michel .
245
_a
Probability theory
250
_a
3 /
_b
.
260
_a
Toronto :
_b
D Van nostrand co ,
_c
1963.
300
_a
685 ; .
504
_a
942
_c
BK
999
_c
7668
_d
7668